[Event "OHS 2015"]
[Site "?"]
[Date "2015.01.26"]
[Round "1.1"]
[White "Kiese, Matthias Prof, Dr."]
[Black "Sikorski, Thomas"]
[Result "1-0"]
[WhiteElo "2223"]
[BlackElo "1791"]
[PlyCount "51"]
[SourceDate "2015.01.27"]

1. d4 c6 2. Nf3 d6 3. g3 Nd7 4. Bg2 e5 5. c4 Ngf6 6. Nc3 Be7 7. O-O O-O 8. e4
Qc7 9. h3 Rd8 10. Be3 Nf8 11. Rc1 Ng6 12. b4 Bd7 13. Qb3 h6 14. Rfd1 a5 15.
bxa5 Re8 16. dxe5 dxe5 17. Bb6 Qc8 18. Kh2 Be6 19. Nd5 Nxe4 20. Nxe7+ Nxe7 21.
Nxe5 Ng5 22. h4 Nh7 23. Rd2 Nf6 24. Re1 Qb8 25. Qa3 Qc8 26. Rde2 1-0

[Event "OHS 2015"]
[Site "?"]
[Date "2015.01.26"]
[Round "1.2"]
[White "Müller-Kreth, Kai"]
[Black "Graw, Christopher"]
[Result "0-1"]
[WhiteElo "1758"]
[BlackElo "2218"]
[PlyCount "124"]
[EventDate "2015.??.??"]

1. e4 d6 2. d4 g6 3. f4 Bg7 4. Be3 Nf6 5. Nc3 O-O 6. h3 a6 7. g4 b5 8. a3 Bb7
9. Bg2 e5 10. fxe5 dxe5 11. d5 Nbd7 12. Nge2 Ne8 13. Ng3 Nd6 14. O-O Nc4 15.
Bc1 c6 16. b3 Qb6+ 17. Kh2 Ne3 18. Bxe3 Qxe3 19. Qd3 Qxd3 20. cxd3 Nc5 21. b4
Nxd3 22. dxc6 Bxc6 23. Nd5 Bxd5 24. exd5 Rad8 25. Rad1 Nb2 26. Rb1 Nc4 27. Rfd1
Bh6 28. Ne4 Bf4+ 29. Kh1 Kg7 30. Nc5 Ne3 31. Rd3 Nxg2 32. Kxg2 Rd6 33. Rbd1
Rfd8 34. Nb7 e4 35. Rd4 Be5 36. Nxd6 Bxd4 37. Nxe4 Rxd5 38. Nc5 Rxc5 39. bxc5
Bxc5 40. Rd3 a5 41. Rb3 b4 42. a4 Kf6 43. Kf3 Ke5 44. Rd3 Bd4 45. Ke2 Kd5 46.
Kd1 Kc4 47. Kc2 f6 48. Rb3 Be5 49. Rb1 h5 50. gxh5 gxh5 51. Rb3 f5 52. Rb1 f4
53. Rb3 Bc3 54. Rb1 Kd4 55. Rd1+ Ke3 56. Rd5 f3 57. Rxa5 f2 58. Rf5 Ke2 59. a5
f1=Q 60. Rxf1 Kxf1 61. Kb3 Kg2 62. a6 Bd4 0-1

[Event "OHS 2015"]
[Site "?"]
[Date "2015.01.26"]
[Round "1.3"]
[White "Quast, Marcel"]
[Black "Wingerning, Gerd"]
[Result "1-0"]
[WhiteElo "2201"]
[BlackElo "1744"]
[PlyCount "39"]

1. e4 e5 2. Nf3 Nc6 3. d4 exd4 4. Bc4 Nf6 5. O-O d5 6. exd5 Nxd5 7. Ng5 Be7 8.
Nxf7 Kxf7 9. Qf3+ Bf6 10. Bxd5+ Be6 11. Bxe6+ Kxe6 12. Re1+ Kf7 13. Qb3+ Kg6
14. Bf4 d3 15. Nd2 Qd4 16. Bxc7 dxc2 17. Qxc2+ Kf7 18. Ne4 Be5 19. Rad1 Qb4 20.
Bxe5 1-0

[Event "OHS 2015"]
[Site "?"]
[Date "2015.01.26"]
[Round "1.4"]
[White "Demond, Ricardo"]
[Black "Korte, Markus"]
[Result "0-1"]
[WhiteElo "1739"]
[BlackElo "2163"]
[PlyCount "54"]

1. e4 c5 2. Nf3 Nc6 3. d4 cxd4 4. Nxd4 e5 5. Nxc6 bxc6 6. c4 Bc5 7. Qf3 Nf6 8. Bg5 Qb6 9. Bc1 d5 10. exd5 Ng4 11. Be2 Bxf2+ 12. Kf1 Bd4
13. Nc3 O-O 14. Nd1 cxd5 15. cxd5 Rb8 16. Rb1 f5 17. h3 Ba6 18. a3 e4 19. Qg3
Bxe2+ 20. Kxe2 Qb5+ 21. Ke1 Ne5 22. Bf4 Nd3+ 23. Kd2 Nxf4 24. Qxf4 Qd3+ 25. Kc1 Rfc8+ 0-1

[Event "OHS 2015"]
[Site "?"]
[Date "2015.01.26"]
[Round "1.5"]
[White "Sondermann, Dirk"]
[Black "Nagel, Frank"]
[Result "1-0"]
[WhiteElo "2080"]
[BlackElo "1738"]
[PlyCount "79"]

1. d4 e6 2. Nf3 d5 3. c4 c6 4. Nc3 Be7 5. e3 Nf6 6. Qc2 Nbd7 7. b3 O-O 8. Bb2
h6 9. Bd3 b6 10. O-O Bb7 11. Rfd1 Rc8 12. Qe2 Qc7 13. Rac1 Qb8 14. Ne5 Nxe5 15.
dxe5 Nd7 16. cxd5 cxd5 17. f4 Bc5 18. Bb1 Rfd8 19. Qd3 Nf8 20. Ne2 Be7 21. Nd4
Rc5 22. Bc2 Rdc8 23. b4 Rc4 24. a3 a6 25. Qd2 R4c7 26. Bd3 b5 27. Nb3 Nd7 28.
Bb1 Rxc1 29. Rxc1 Rxc1+ 30. Nxc1 Qc7 31. Qd3 g6 32. Nb3 Qc4 33. Na5 Qxd3 34.
Bxd3 Ba8 35. Bd4 Kf8 36. Nb3 Ke8 37. Kf2 Kd8 38. g4 Kc7 39. f5 gxf5 40. gxf5
1-0

[Event "OHS 2015"]
[Site "?"]
[Date "2015.01.26"]
[Round "1.6"]
[White "Deutschmann, Jürgen"]
[Black "Wolff, Christoph"]
[Result "0-1"]
[WhiteElo "1681"]
[BlackElo "2079"]
[PlyCount "72"]

1. d4 Nf6 2. c4 g6 3. Nc3 d5 4. cxd5 Nxd5 5. e4 Nxc3 6. bxc3 Bg7 7. Be3 O-O 8.
Nf3 c5 9. Be2 Qa5 10. Qd2 Nc6 11. O-O cxd4 12. Nxd4 Nxd4 13. Bxd4 Rd8 14. Qb2
e5 15. Be3 Qc7 16. Rfd1 Rxd1+ 17. Rxd1 Be6 18. Qd2 Rc8 19. Rc1 a6 20. Qb2 Qc6
21. a3 b5 22. f3 Bf8 23. Kh1 Bc4 24. Bd1 a5 25. Bb3 Bxb3 26. Qxb3 Qc4 27. Qb2
Qa4 28. Ra1 Qc4 29. Rc1 Qd3 30. Bb6 Bh6 31. Qc2 Qd6 32. Bxa5 Qxa3 33. Rd1 Qxa5
34. Rb1 Qxc3 35. Qd1 Qc1 36. h3 Qxb1 0-1

[Event "OHS 2015"]
[Site "?"]
[Date "2015.01.26"]
[Round "1.7"]
[White "Hahn, Matthias"]
[Black "Gasper, Jörn"]
[Result "0-1"]
[WhiteElo "2044"]
[BlackElo "1552"]
[PlyCount "146"]

1. d4 d5 2. c4 e6 3. Nc3 Nf6 4. cxd5 exd5 5. Bg5 Be7 6. e3 c6 7. Qc2 Nbd7 8.
Bd3 Nh5 9. Bxe7 Qxe7 10. Nge2 g6 11. O-O-O Ng7 12. Ng3 f5 13. Rhe1 Nf6 14. f3
Be6 15. Na4 O-O-O 16. Kb1 Kb8 17. Qb3 Qc7 18. Rc1 Rhe8 19. Rc3 Bg8 20. Nc5 Ka8
21. Qa4 Ne6 22. Ra3 b5 23. Nxe6 Rxe6 24. Qc2 Qb6 25. Rc3 f4 26. Nf1 b4 27. Rb3
Qxd4 28. Qxc6+ Rxc6 29. exd4 Rb6 30. a3 Rdb8 31. Kc2 bxa3 32. Rxb6 Rxb6 33.
bxa3 Re6 34. Rxe6 Bxe6 35. Nd2 g5 36. Nb3 h5 37. Nc5 Bc8 38. h3 Kb8 39. Bg6 g4
40. hxg4 hxg4 41. Nd3 gxf3 42. gxf3 Kc7 43. Nxf4 Kd6 44. Bf7 Bf5+ 45. Kd2 Bd7
46. Nh5 Nxh5 47. Bxh5 Ke7 48. Kc3 a5 49. Kd3 Kf6 50. Ke3 Kg5 51. Bf7 Bc6 52.
f4+ Kf6 53. Bh5 Ba4 54. Bg4 Be8 55. Kf3 Ba4 56. Kg3 Be8 57. Kh4 Bc6 58. Kh5
Be8+ 59. Kh6 Bg6 60. Bd7 Bf5 61. Bc6 Be6 62. Kh5 Kf5 63. a4 Kxf4 64. Kh4 Ke4
65. Kg3 Kxd4 66. Kf2 Kc3 67. Ke1 d4 68. Be4 d3 69. Bxd3 Kxd3 70. Kd1 Kc3 71.
Kc1 Bf5 72. Kd1 Kb2 73. Kd2 Bc2 0-1

[Event "OHS 2015"]
[Site "?"]
[Date "2015.01.26"]
[Round "1.8"]
[White "Hartmann, Thomas"]
[Black "Winterkamp, Sascha"]
[Result "0-1"]
[WhiteElo "1633"]
[BlackElo "2015"]
[PlyCount "56"]

1. d4 Nf6 2. c4 c5 3. d5 e6 4. Nc3 exd5 5. cxd5 Bd6 6. Bg5 Be5 7. Nf3 Bxc3+ 8.
bxc3 d6 9. e4 h6 10. Bxf6 Qxf6 11. Qc2 O-O 12. Rb1 Re8 13. Bd3 Nd7 14. O-O Nf8
15. Rb2 Ng6 16. Rfb1 Nf4 17. Nd2 Re5 18. Nc4 Rh5 19. Be2 Rg5 20. Ne3 Nh3+ 21.
Kh1 Nxf2+ 22. Kg1 Qf4 23. Nf5 Qxe4 24. Ng3 Qe3 25. Kf1 Rxg3 26. hxg3 Ne4 27.
Ke1 Qf2+ 28. Kd1 Qg1+ 0-1

[Event "OHS 2015"]
[Site "?"]
[Date "2015.01.26"]
[Round "1.9"]
[White "Löffelbein, Klaus"]
[Black "Schumann, Burkhard"]
[Result "1/2-1/2"]
[WhiteElo "2002"]
[BlackElo "1627"]
[PlyCount "118"]

1. d4 d5 2. c4 e6 3. Nc3 Nf6 4. Nf3 c6 5. Bf4 Be7 6. e3 O-O 7. Bd3 Nbd7 8. O-O
dxc4 9. Bxc4 Nd5 10. Bg3 Re8 11. Rc1 Nf8 12. Ne5 f6 13. Nd3 Bd6 14. Bxd6 Qxd6
15. Ne4 Qd8 16. Ng3 Kh8 17. Qc2 e5 18. dxe5 fxe5 19. Rfd1 Qh4 20. Nc5 Nf6 21.
Rd6 Ng4 22. Qd2 Ng6 23. h3 Nh6 24. Bd3 Ne7 25. Rc4 Bg4 26. Be2 Nef5 27. Nxf5
Nxf5 28. Rxg4 Qe7 29. Rd7 Qxc5 30. e4 Nd4 31. Rgxg7 Qc1+ 32. Qxc1 Nxe2+ 33. Kf1
Nxc1 34. Rxh7+ Kg8 35. Rdg7+ Kf8 36. Rxb7 Kg8 37. Rbg7+ Kf8 38. Rc7 Kg8 39.
Rhg7+ Kh8 40. Rg4 Re6 41. Rcg7 Nd3 42. R7g5 Rh6 43. h4 Rd8 44. g3 Rf8 45. f3
Nxb2 46. f4 exf4 47. gxf4 Nd3 48. f5 Ne5 49. Rg3 Rxh4 50. Ra3 Rf7 51. Kf2 Rfh7
52. Rag3 Rh2+ 53. Ke3 R7h3 54. Kd4 Nf3+ 55. Rxf3 Rxf3 56. e5 Rd2+ 57. Ke4 Rh3
58. f6 Rdd3 59. Kf5 Rdg3 1/2-1/2

[Event "OHS 2015"]
[Site "?"]
[Date "2015.01.26"]
[Round "1.10"]
[White "Diekhans, Christoph"]
[Black "Melmer, Felix"]
[Result "0-1"]
[WhiteElo "1591"]
[BlackElo "2001"]
[PlyCount "28"]

1. Nf3 g6 2. e3 Bg7 3. d4 f5 4. b3 Nf6 5. Bb2 O-O 6. Bd3 d6 7. c4 Qe8 8. Qc2
Nc6 9. a3 e5 10. e4 fxe4 11. Bxe4 exd4 12. Nfd2 Bf5 13. f3 Nxe4 14. fxe4 d3 0-1

[Event "OHS 2015"]
[Site "?"]
[Date "2015.01.26"]
[Round "1.11"]
[White "Ribbeheger, Edgar"]
[Black "Krolik, Wilfried"]
[Result "1-0"]
[WhiteElo "1998"]
[BlackElo "2552"]
[PlyCount "67"]

1. d4 Nf6 2. c4 g6 3. Nc3 Bg7 4. e4 d6 5. Nf3 O-O 6. Be2 c5 7. dxc5 dxc5 8.
Qxd8 Rxd8 9. e5 Ng4 10. Nd5 Nc6 11. Bg5 f6 12. exf6 exf6 13. Bd2 Bf5 14. O-O
Rac8 15. Bc3 Re8 16. Rfe1 Nge5 17. Nxe5 Nxe5 18. Rad1 Be6 19. f4 Nd7 20. Bf3
Kh8 21. b3 f5 22. Bxg7+ Kxg7 23. Nc3 Kf6 24. Bxb7 Rc7 25. Bf3 Nb6 26. Nb5 Rce7
27. Rd6 Kf7 28. Nxa7 Rxa7 29. Rxb6 Rxa2 30. Rbxe6 Rxe6 31. Bd5 Raa6 32. Re5 Kf6
33. Bxe6 Rxe6 34. Rxc5 1-0

[Event "OHS 2015"]
[Site "?"]
[Date "2015.01.26"]
[Round "1.12"]
[White "Bott, Michael"]
[Black "Schmidt, Ralph"]
[Result "1/2-1/2"]
[WhiteElo "1528"]
[BlackElo "1985"]
[PlyCount "49"]

1. d4 d6 2. e3 Nf6 3. Nf3 g6 4. g3 b6 5. Bg2 Bb7 6. O-O Bg7 7. c4 Nbd7 8. Nc3
O-O 9. b3 c5 10. Bb2 Rb8 11. Rb1 a6 12. Re1 b5 13. cxb5 axb5 14. dxc5 Nxc5 15.
b4 Ncd7 16. a3 Nb6 17. Nd4 Bxg2 18. Kxg2 Nc4 19. Nc6 Nxb2 20. Rxb2 Qc7 21. Nxb8
Ne4 22. Nd5 Qb7 23. Rc2 Nc3 24. Qd3 Nxd5 25. Nc6 1/2-1/2

[Event "OHS 2015"]
[Site "?"]
[Date "2015.01.26"]
[Round "1.13"]
[White "Mittelbachert, Ulrich"]
[Black "Kempken, Reinhold"]
[Result "1-0"]
[WhiteElo "1978"]
[BlackElo "1500"]
[PlyCount "53"]
[EventDate "2015.??.??"]

1. Nf3 f5 2. d3 d5 3. Nbd2 Nc6 4. e4 e5 5. Be2 Nf6 6. exd5 Nxd5 7. O-O Be7 8.
a3 a5 9. Re1 O-O 10. Bf1 Bf6 11. Rb1 Re8 12. Nc4 f4 13. Ncd2 Bg4 14. c3 a4 15.
Ne4 g5 16. Be2 Bh5 17. h3 Qe7 18. Nxe5 Bxe2 19. Nxc6 Qd7 20. Qxe2 Qxc6 21. Bd2
h6 22. Qh5 Bg7 23. c4 Nb6 24. h4 Re6 25. hxg5 hxg5 26. Nxg5 Rg6 27. Bc3 1-0

[Event "OHS 2ß15"]
[Site "?"]
[Date "2015.01.26"]
[Round "1.14"]
[White "Lojack, Rouven"]
[Black "Eckert, Marius"]
[Result "0-1"]
[WhiteElo "1430"]
[BlackElo "1960"]
[PlyCount "48"]

1. d4 Nf6 2. Nc3 d5 3. Bg5 Bf5 4. Nf3 Nbd7 5. e3 e6 6. Be2 Be7 7. O-O O-O 8.
Ne5 Nxe5 9. dxe5 Nd7 10. Bxe7 Qxe7 11. f4 f6 12. exf6 Nxf6 13. Bf3 Rad8 14. Ne2
e5 15. Ng3 Bg6 16. c3 Qc5 17. Kh1 e4 18. Be2 Qxe3 19. Qb3 Qb6 20. Qc2 c5 21. f5
Bf7 22. b3 Rfe8 23. Rae1 d4 24. cxd4 cxd4 0-1

[Event "OHS 2015"]
[Site "?"]
[Date "2015.01.26"]
[Round "1.15"]
[White "Funke, Eckhard"]
[Black "Burosch, Raimund"]
[Result "1-0"]
[WhiteElo "1930"]
[BlackElo "1412"]
[PlyCount "77"]
[SourceDate "2015.01.27"]

1. d4 Nf6 2. c4 g6 3. Nc3 Bg7 4. e4 d6 5. Nf3 Nbd7 6. h3 O-O 7. Bg5 e5 8. d5 a6
9. Be2 Nc5 10. b4 Ncd7 11. O-O b6 12. Qd2 Qe8 13. Be3 Nh5 14. Nh2 Nf4 15. Rac1
Nxe2+ 16. Nxe2 f5 17. exf5 gxf5 18. f4 Nf6 19. Ng3 Qg6 20. Qf2 Ne4 21. Nxe4
fxe4 22. Kh1 Bh6 23. Qd2 Qg3 24. Rc3 Qh4 25. fxe5 Rxf1+ 26. Nxf1 Bg7 27. Bg5
Qh5 28. Rg3 Bxe5 29. Bf4+ Kh8 30. Rg5 Qf7 31. Bxe5+ dxe5 32. Ng3 Bd7 33. Rxe5
Re8 34. Rxe8+ Qxe8 35. Qd4+ Kg8 36. Nxe4 Qf7 37. Nf6+ Kf8 38. Nxd7+ Qxd7 39.
Qh8+ 1-0

[Event "OHS 2015"]
[Site "?"]
[Date "2015.01.26"]
[Round "1.16"]
[White "Mrowetz, Josef"]
[Black "Barth, Hans-Joachim"]
[Result "0-1"]
[WhiteElo "1364"]
[BlackElo "1881"]
[PlyCount "82"]

1. f4 f5 2. Nf3 Nf6 3. e3 Nc6 4. Bb5 e6 5. Bxc6 bxc6 6. O-O c5 7. b3 Be7 8. Bb2
O-O 9. Qe1 Ba6 10. c4 Rb8 11. d3 d5 12. Nbd2 Nd7 13. Qg3 Bf6 14. Ne5 Bxe5 15.
fxe5 Kh8 16. Nf3 dxc4 17. dxc4 Bxc4 18. Rf2 Bd5 19. Qf4 Rb4 20. Qg3 Rg8 21. Ng5
Qe7 22. Rf4 h6 23. Nh3 g5 24. Rxb4 cxb4 25. Bd4 Nc5 26. Nf2 a5 27. Rc1 Ne4 28.
Nxe4 Bxe4 29. Rc5 Ra8 30. Qe1 c6 31. Qd2 Qb7 32. Qd1 Kg7 33. Bb2 Bd5 34. a3
bxa3 35. Bxa3 Rb8 36. Rxa5 Qxb3 37. Ra7+ Kg6 38. Qd2 Qb1+ 39. Bc1 Qe4 40. Bb2
Rb3 41. Kf2 Qxg2+ 0-1

[Event "OHS 2015"]
[Site "?"]
[Date "2015.01.26"]
[Round "1.17"]
[White "Wiese, Thomas"]
[Black "Kümmel, Hans-Jürgen"]
[Result "1-0"]
[WhiteElo "1877"]
[BlackElo "1317"]
[PlyCount "95"]

1. e4 c5 2. Nf3 Nc6 3. d4 cxd4 4. Nxd4 Nf6 5. Nc3 a6 6. Nxc6 dxc6 7. Qxd8+ Kxd8
8. Bf4 e6 9. O-O-O+ Ke8 10. Na4 Nd7 11. e5 Be7 12. h4 b5 13. Nc3 Nb6 14. Ne4
Nd5 15. Bg3 Bb7 16. c4 bxc4 17. Bxc4 Rd8 18. f3 Rd7 19. Bf2 Kd8 20. Nc5 Bxc5
21. Bxc5 Kc8 22. g3 Rhd8 23. Rd3 Nc7 24. Rxd7 Rxd7 25. h5 Ne8 26. f4 Kc7 27. g4
Kd8 28. f5 exf5 29. gxf5 Kc7 30. Rg1 Bc8 31. e6 fxe6 32. fxe6 Rd8 33. Rf1 Nd6
34. Rf7+ Nxf7 35. exf7 g6 36. h6 Bf5 37. f8=Q Rxf8 38. Bxf8 a5 39. Be7 Kd7 40.
Bg5 Be6 41. Bd3 Bxa2 42. Bxg6 Bg8 43. Bc2 Kd6 44. Bd2 c5 45. Bxa5 c4 46. Kd2
Kc5 47. Kc3 Kb5 48. Bb4 1-0

[Event "OHS 2015"]
[Site "?"]
[Date "2015.01.26"]
[Round "1.18"]
[White "Diekhans, Georg"]
[Black "Kleinert, Andreas Dr."]
[Result "0-1"]
[WhiteElo "1591"]
[BlackElo "1862"]
[PlyCount "54"]

1. e4 e6 2. c4 d5 3. d3 dxe4 4. dxe4 Qxd1+ 5. Kxd1 e5 6. g3 Bc5 7. Ke1 Nf6 8.
Nd2 Be6 9. h3 Nbd7 10. Ngf3 O-O 11. g4 a5 12. Bd3 Ne8 13. Nb3 f6 14. Nbd2 a4
15. Ke2 Nd6 16. Rb1 b5 17. Nh4 bxc4 18. Bc2 Rab8 19. f3 Bd4 20. Nf1 Nc5 21. Ng3
g6 22. Ng2 Rb7 23. Ne3 Rfb8 24. Nd1 c3 25. Ke1 cxb2 26. Be3 Bxa2 27. Bxd4 exd4
0-1

[Event "OHS 2015"]
[Site "?"]
[Date "2015.01.26"]
[Round "1.19"]
[White "Boost, Jürgen"]
[Black "Rochol, Jürgen"]
[Result "1-0"]
[WhiteElo "1849"]
[BlackElo "1287"]
[PlyCount "51"]

1. e4 e5 2. Nf3 Nc6 3. Bb5 Nf6 4. O-O Bc5 5. c3 d6 6. d4 exd4 7. cxd4 Bb6 8. d5
Nxe4 9. dxc6 O-O 10. Nc3 a6 11. Ba4 Nc5 12. cxb7 Bxb7 13. Bc2 Re8 14. Be3 Qf6
15. Rc1 Rxe3 16. fxe3 Qe6 17. Kh1 Qxe3 18. Nd5 Bxd5 19. Qxd5 Rf8 20. Rce1 Qh6
21. Qg5 Ne6 22. Qxh6 gxh6 23. Nh4 Kh8 24. Rxe6 Ra8 25. Rxf7 Rd8 26. Bxh7 1-0

[Event "OHS 2015"]
[Site "?"]
[Date "2015.01.26"]
[Round "1.20"]
[White "Puchalla, Paul"]
[Black "Rath, Michael"]
[Result "0-1"]
[WhiteElo "1210"]
[BlackElo "1815"]
[PlyCount "70"]

1. d4 d5 2. Nc3 Nf6 3. Bf4 Bf5 4. Nb5 Na6 5. a3 e6 6. Nf3 c6 7. Nc3 Be7 8. e3
Ne4 9. Bxa6 Nxc3 10. bxc3 bxa6 11. O-O Qa5 12. Qd2 O-O 13. a4 Rac8 14. h3 c5
15. g4 Be4 16. Ne5 cxd4 17. exd4 Qxc3 18. Nd7 Qxh3 19. f3 Rxc2 20. Rad1 Rxd2
21. Rxd2 Bxf3 22. Rxf3 Qxf3 23. Nxf8 Qxg4+ 24. Kh1 Qh3+ 25. Bh2 Qf1+ 26. Bg1
Kxf8 27. Rf2 Qh3+ 28. Rh2 Qf3+ 29. Rg2 Bd6 30. Bh2 Bxh2 31. Kxh2 Qf4+ 32. Kh3
g5 33. Rg4 Qf3+ 34. Rg3 Qh1+ 35. Kg4 f6 0-1

[Event "OHS 2015"]
[Site "?"]
[Date "2015.01.26"]
[Round "1.21"]
[White "Schäfer, Michael"]
[Black "Heinz, Hans-Werner"]
[Result "1-0"]
[WhiteElo "1793"]
[BlackElo "1159"]
[PlyCount "57"]

1. d4 d5 2. Nf3 e6 3. c4 Nf6 4. Nc3 Be7 5. Bg5 h6 6. Bh4 O-O 7. e3 c6 8. Rc1 a6
9. Bd3 Nbd7 10. c5 Re8 11. b4 b5 12. O-O g6 13. Qc2 Ne4 14. Bxe7 Qxe7 15. Nxe4
dxe4 16. Bxe4 f5 17. Bxc6 Ra7 18. Bxd7 Rxd7 19. Ne5 Rc7 20. Nxg6 Qg7 21. Ne5
Qg5 22. f4 Qh5 23. Rf3 Rg7 24. Qf2 Kh8 25. Kh1 Reg8 26. Rg1 Bb7 27. c6 Ba8 28.
Rh3 Rxg2 29. Rxh5 1-0

[Event "OHS 2015"]
[Site "?"]
[Date "2015.02.02"]
[Round "2.1"]
[White "Eckert, Marius"]
[Black "Kiese, Matthias, Prof. Dr."]
[Result "1/2-1/2"]
[WhiteElo "1960"]
[BlackElo "2223"]
[PlyCount "45"]

1. e4 c5 2. Nf3 d6 3. d4 cxd4 4. Nxd4 Nf6 5. Nc3 a6 6. Bg5 e6 7. f4 Be7 8. Qf3
Qc7 9. O-O-O Nbd7 10. g4 h6 11. Bxf6 Bxf6 12. h4 Nb6 13. g5 Bxd4 14. Rxd4 Bd7
15. Qd3 O-O-O 16. Rxd6 Nd5 17. Rxd5 exd5 18. Nxd5 Qa5 19. b4 Qxa2 20. Qc3+ Kb8
21. Bc4 Qa4 22. Qe5+ Ka7 23. Qd4+ 1/2-1/2

[Event "OHS 2015"]
[Site "?"]
[Date "2015.02.02"]
[Round "2.2"]
[White "Graw, Christopher"]
[Black "Mittelbachert, Ulrich"]
[Result "1-0"]
[WhiteElo "2218"]
[BlackElo "1978"]
[PlyCount "57"]

1. f4 d5 2. Nf3 Bg4 3. e3 Nd7 4. h3 Bxf3 5. Qxf3 e5 6. Nc3 c6 7. b3 Bd6 8. Bb2
exf4 9. exf4 Qe7+ 10. Be2 Ngf6 11. O-O-O Ba3 12. Rhe1 O-O-O 13. g4 Qd6 14. g5
d4 15. gxf6 Bxb2+ 16. Kxb2 dxc3+ 17. dxc3 Qxf6 18. Qg4 h5 19. Qg5 Kb8 20. Bf3
Qxg5 21. fxg5 f6 22. Re7 Ne5 23. Rxd8+ Rxd8 24. Bxh5 Rh8 25. Bg4 Rh4 26. Rxg7
Nxg4 27. hxg4 Rxg4 28. gxf6 Rf4 29. f7 1-0

[Event "OHS 2015"]
[Site "?"]
[Date "2015.02.02"]
[Round "2.3"]
[White "Barth, Hans-Joachim"]
[Black "Quast, Marcel	"]
[Result "0-1"]
[WhiteElo "1881"]
[BlackElo "2201"]
[PlyCount "42"]

1. Nf3 d6 2. c4 f5 3. d4 Nf6 4. Nc3 g6 5. g3 Bg7 6. Bg2 O-O 7. O-O Qe8 8. Bg5
c6 9. Bxf6 Bxf6 10. e4 e5 11. dxe5 dxe5 12. exf5 Bxf5 13. Nd2 Na6 14. Nde4 Bg7
15. Qb3 Qe7 16. Rad1 Rad8 17. h4 Bg4 18. Rd6 Rxd6 19. Nxd6 Nc5 20. Qc2 Qxd6 21.
b4 Qd3 0-1

[Event "OHS 2015"]
[Site "?"]
[Date "2015.02.02"]
[Round "2.4"]
[White "Korte, Markus"]
[Black "Funke, Eckhard"]
[Result "1/2-1/2"]
[WhiteElo "2163"]
[BlackElo "1930"]
[PlyCount "85"]

1. e4 c5 2. Nf3 d6 3. c3 Nf6 4. h3 Nc6 5. Bd3 g6 6. Bc2 Bg7 7. O-O O-O 8. d4
cxd4 9. cxd4 e5 10. Na3 exd4 11. Nb5 d3 12. Bxd3 a6 13. Nc3 d5 14. e5 Ne4 15.
Nxe4 dxe4 16. Bxe4 Nxe5 17. Qb3 Nxf3+ 18. Bxf3 Qa5 19. Rd1 Be6 20. Qe3 Rab8 21.
Bd2 Qb5 22. Bc3 Bxc3 23. Qxc3 Rbc8 24. Qf6 b6 25. b3 Qc5 26. Bb7 Rc7 27. Bxa6
b5 28. Rac1 Qxc1 29. Rxc1 Rxc1+ 30. Kh2 b4 31. Qf4 Rc2 32. Qxb4 Rxa2 33. Bc4
Bxc4 34. bxc4 Rc8 35. c5 Rc2 36. Kg3 R2xc5 37. f3 Rc3 38. h4 h5 39. Qe7 R3c7
40. Qf6 Rc6 41. Qe7 R6c7 42. Qf6 Rc6 43. Qe7 1/2-1/2

[Event "OHS 2015"]
[Site "?"]
[Date "2015.02.02"]
[Round "2.5"]
[White "Kleinert, Andreas, Dr."]
[Black "Sondermann, Dirk"]
[Result "0-1"]
[WhiteElo "1862"]
[BlackElo "2080"]
[PlyCount "106"]

1. Nf3 g6 2. c4 Bg7 3. g3 d6 4. Bg2 e5 5. d3 Nc6 6. Nc3 Nge7 7. Rb1 O-O 8. O-O
h6 9. b4 Nf5 10. e3 Nb8 11. b5 Nd7 12. Qc2 Re8 13. Rd1 Nf6 14. Nd2 Ne7 15. a4
Bg4 16. Re1 Qc8 17. a5 Nh7 18. a6 bxa6 19. Bxa8 Qxa8 20. e4 Ng5 21. h4 Ne6 22.
Nb3 Qc8 23. Nd5 Nd4 24. Nxd4 exd4 25. Nxe7+ Rxe7 26. Bf4 Bf3 27. Kh2 Qg4 28.
Qd2 g5 29. Bxg5 hxg5 30. Qxg5 Qxg5 31. hxg5 Re5 32. bxa6 Rxg5 33. Rb5 Be5 34.
Rxe5 dxe5 35. g4 Rxg4 36. Rb1 Rg6 37. Rb7 Rxa6 38. Rxc7 Kg7 39. Rb7 Be2 40. Rb3
Kf6 41. Kg3 Bd1 42. Rb1 Bc2 43. Rh1 Ke7 44. Rh5 Rg6+ 45. Kh2 Re6 46. f4 a5 47.
Rh8 Ra6 48. fxe5 Bxd3 49. e6 Bxc4 50. exf7 Bxf7 51. Rh3 a4 52. Ra3 Bb3 53. Kg3
d3 0-1

[Event "OHS 2015"]
[Site "?"]
[Date "2015.02.02"]
[Round "2.6"]
[White "Wolff, Christoph"]
[Black "Wiese, Thomas"]
[Result "0-1"]
[WhiteElo "2079"]
[BlackElo "1877"]
[PlyCount "94"]

1. e4 c5 2. Nf3 Nc6 3. Nc3 d6 4. d4 cxd4 5. Nxd4 e5 6. Nb3 Be6 7. Be2 Nf6 8.
O-O Be7 9. Bg5 O-O 10. Qd2 h6 11. Bxf6 Bxf6 12. Nd5 Bg5 13. Qd3 Ne7 14. Ne3 Qc7
15. c3 Rad8 16. Nd5 Bxd5 17. exd5 f5 18. Qb5 Ng6 19. Na5 Nf4 20. Rfe1 Rb8 21.
Bf1 Qf7 22. g3 Nh5 23. Nc4 Rbd8 24. Ne3 Bxe3 25. fxe3 f4 26. exf4 exf4 27. Bh3
Kh8 28. Be6 Qg6 29. g4 Nf6 30. Qe2 Nh7 31. h4 f3 32. Qf2 Rf4 33. Kh2 Nf6 34.
Rg1 Nxg4+ 35. Rxg4 Rxg4 36. Bxg4 Qxg4 37. Qe3 Qf5 38. Rg1 Rd7 39. Qe6 Qf4+ 40.
Kh3 Rf7 41. Qg6 Re7 42. Qg4 Qe3 43. Rg3 f2 44. Qf3 Qxf3 45. Rxf3 Re3 46. Rxe3
f1=Q+ 47. Kg3 Qg1+ 0-1

[Event "OHs 2015"]
[Site "?"]
[Date "2015.02.02"]
[Round "2.7"]
[White "Winterkamp, Sascha"]
[Black "Boost, Jürgen"]
[Result "1/2-1/2"]
[WhiteElo "2015"]
[BlackElo "1849"]
[PlyCount "44"]

1. d4 d5 2. Nf3 e6 3. c4 Nf6 4. Nc3 Be7 5. Bg5 O-O 6. e3 h6 7. Bh4 b6 8. cxd5
Nxd5 9. Bxe7 Qxe7 10. Bd3 Bb7 11. O-O Nxc3 12. bxc3 c5 13. Rc1 Rd8 14. Qe2 Nd7
15. Ba6 Nf6 16. Ne5 Bxa6 17. Qxa6 Qc7 18. h3 Nd7 19. Nc4 Nb8 20. Qa3 b5 21. Ne5
Nd7 22. Nf3 a5 1/2-1/2

[Event "OHS 2015"]
[Site "?"]
[Date "2015.02.02"]
[Round "2.8"]
[White "Melmer, Felix"]
[Black "Schäfer, Michael"]
[Result "1-0"]
[WhiteElo "2001"]
[BlackElo "1793"]
[PlyCount "39"]

1. f4 Nf6 2. Nf3 d5 3. e3 c6 4. Be2 g6 5. O-O Bg7 6. d3 O-O 7. Nc3 Nbd7 8. e4
Qb6+ 9. Kh1 Ng4 10. d4 dxe4 11. Nxe4 Ndf6 12. Nc3 Rd8 13. h3 Nh6 14. g4 Nd5 15.
Nxd5 Rxd5 16. c3 Be6 17. Ng5 Rad8 18. Nxe6 fxe6 19. Bc4 R5d6 20. Qe2 1-0

[Event "OHS 2015"]
[Site "?"]
[Date "2015.02.02"]
[Round "2.9"]
[White "Rath, Michael"]
[Black "Ribbeheger, Edgar"]
[Result "0-1"]
[WhiteElo "1815"]
[BlackElo "1998"]
[PlyCount "34"]

1. d4 Nf6 2. Nf3 c5 3. c3 d5 4. Bf4 e6 5. dxc5 Bxc5 6. e3 Nc6 7. Nbd2 O-O 8.
Be2 a5 9. Ne5 Nxe5 10. Bxe5 Nd7 11. Nb3 Bxe3 12. Bd6 Bxf2+ 13. Kd2 Re8 14. Bb5
Qb6 15. Bxd7 Bxd7 16. Ba3 e5 17. Rf1 Qe3+ 0-1

[Event "OHS 2015"]
[Site "?"]
[Date "2015.02.02"]
[Round "2.10"]
[White "Gasper, Jörn"]
[Black "Löffelbein, Klaus"]
[Result "0-1"]
[WhiteElo "1637"]
[BlackElo "2002"]
[PlyCount "62"]

1. e4 e6 2. d4 d5 3. Nd2 c5 4. Ngf3 Nc6 5. exd5 exd5 6. Bb5 Nf6 7. O-O Be7 8.
dxc5 O-O 9. Nb3 Bg4 10. h3 Bh5 11. Bg5 Ne4 12. Bxe7 Qxe7 13. g4 Bg6 14. Qxd5
Qf6 15. Nfd2 Ng5 16. Qg2 Nd4 17. Nxd4 Qxd4 18. Nb3 Qf4 19. Bd3 Nf3+ 20. Kh1
Bxd3 21. cxd3 Rad8 22. Rad1 Rd5 23. d4 h5 24. Rd3 hxg4 25. Qg3 Qh6 26. Qxg4 Ne5
27. Qe4 Nxd3 28. Qxd5 Qxh3+ 29. Kg1 Nf4 30. Qe4 Qg4+ 31. Kh1 Qh4+ 0-1

[Event "OHS 2015"]
[Site "?"]
[Date "2015.02.02"]
[Round "2.11"]
[White "Schumann, Burkhard"]
[Black "Bott, Michael"]
[Result "1-0"]
[WhiteElo "1627"]
[BlackElo "1528"]
[PlyCount "130"]
[SourceDate "2015.02.04"]

1. e4 c5 2. Nf3 d6 3. d4 cxd4 4. Nxd4 Nf6 5. Nc3 a6 6. Be2 e5 7. Nb3 Be7 8. Be3
O-O 9. f3 Be6 10. Qd2 Bxb3 11. axb3 Nbd7 12. O-O h6 13. Rfd1 Rb8 14. Kh1 Qc8
15. Ra4 b5 16. Ra2 Ra8 17. Rda1 Qb7 18. Nd5 Nxd5 19. Qxd5 Qxd5 20. exd5 Rab8
21. Rxa6 Nf6 22. c4 bxc4 23. Bxc4 Rfc8 24. Ra7 Kf8 25. Kg1 Ke8 26. Kf1 Kf8 27.
Ke2 Ke8 28. Kd2 Kf8 29. R1a3 Ke8 30. Ba6 Rd8 31. Bb7 Kf8 32. Bc6 Rdc8 33. Ra8
Rxa8 34. Rxa8 Rxa8 35. Bxa8 Nd7 36. Bc6 Ke8 37. b4 Kd8 38. Kd3 Kc8 39. Kc4 Bd8
40. Kb5 Nb8 41. Ba7 Bc7 42. Bb6 f6 43. g4 Kd8 44. h4 g6 45. Ba7 Kc8 46. Be8 g5
47. h5 Kb7 48. Be3 Kc8 49. Bf7 Kb7 50. Be6 Bd8 51. b3 Bc7 52. Bf5 Bd8 53. Bd3
Bc7 54. Bf5 Bd8 55. Bd2 Bc7 56. Bd3 Bb6 57. Ka4 Bc7 58. Bb5 Bb6 59. Be8 Kc7 60.
b5 Nd7 61. Bxd7 Kxd7 62. Ba5 Ba7 63. b6 Bb8 64. Kb5 Kd8 65. Kc6 Kc8 1-0